000 00697nam a2200217Ii 4500
003 JO-AjNU
008 230605s9999||||xx |||||||||||||| ||und||
017 _a2004/5/1056
040 _aJO-AjNU
_bara
_erda
_cJO-AjNU
041 _aara
050 1 4 _aRG103 2004
100 3 _aرضا، وفاء منذر ,
_eauthor
_921972
245 0 0 _aمشاكل تواجه المراة بعد سن الاربعين
250 _aط1
264 3 1 _aعمان: مكتبة المجتمع العربي ، 2004
300 _a396ص
336 _atext
_btxt
_2rdacontent
337 _aunmediated
_bn
_2rdamedia
338 _avolume
_bnc
_2rdacarrier
650 4 _aالمراة-الصحة-انقطاع الطمث
_921973
999 _aA7722
_c11290
_d11290